000 00865nam a2200253Ia 4500
003 OSt
005 20220927102934.0
006 a|||||r|||| 00| 0
007 ta
008 220926b |||||||| |||| 00| 0 eng d
024 _a21858
037 _cReference Collections
040 _aRTL
_cRTL
_beng
041 _2eng
_aeng
082 _a"Y:4:6p5,N49, J0/UN"
110 _aUnited Nations European Social Welfare Seminar (Paris) (1949)
_9351210
245 0 _a"United Nations European Social Welfare Seminar, Paris"
260 _aNew
_bYork United Nations
_c1950
300 _a"iii,102p"
_ccm.
490 _a"United Nations, Technical Assistance for Social Progress.4"
700 _aUnited Nations European Social Welfare Seminar (Paris) (1949)
_9351211
942 _h"Y:4:6p5,N49, J0/UN"
_cCC
999 _c679394
_d679394